| 000 | | | 03453nac2a22002411x 450 |
| 001 | | | a3e78b72-9f4f-42ae-985b-24ba8562862a |
| 005 | | | 20130903153609.0 |
| 100 | ## | $a | 20130731l1852 k y0rusy50 ca |
| 101 | 0# | $a | rus |
| 102 | ## | $a | RU |
| 105 | ## | $a | y z ||||| |
| 200 | 1# | $a | Записка неизвестного автора о русской литературе от Карамзина до 70-х г. XIX в. |
| | $j | [19--] |
| 215 | ## | $a | 4 листа |
| 251 | ## | $c | Дело |
| 300 | ## | $a | Рукописный текст |
| 330 | ## | $a | VIII. Документальные материалы В. В. Никольского |
| 461 | #0 | $1 | 0011c5950b4-9b17-43ad-92f1-e565a07ae223 |
| | $1 | 2001 |
| | $a | Никольский Борис Владимирович, историк права, профессор Юрьевского и Петербургского университетов, один из руководителей главного совета "Русского собрания", поэт, критик |
| | $1 | 251 |
| | $c | Фонд |
| | $1 | 852 |
| | $j | 588 |
| 462 | #0 | $1 | 001043cb56e-d22b-4662-8e27-e4634e8ce784 |
| | $1 | 2001 |
| | $a | 1852-1919 гг. |
| | $1 | 251 |
| | $c | Опись |
| | $1 | 852 |
| | $j | 3 |
| 600 | #1 | $a | Никольский |
| | $b | Б. В. |
| | $g | Борис Владимирович |
| 600 | #1 | $a | Карамзин |
| | $b | Н. М. |
| | $g | Николай Михайлович |
| 801 | #0 | $a | RU |
| | $b | GA_RF |
| 801 | #1 | $a | RU |
| | $b | НПО Опыт |
| | $c | 20130731 |
| | $2 | rusmarc |
| 801 | #2 | $a | RU |
| | $b | ПБ им. Б.Н. Ельцина |
| | $c | 20130903 |
| | $g | RCR |
| | $2 | rusmarc |
| 852 | ## | $a | ГА РФ |
| | $j | 122 |
| 937 | ## | $d | 31264968 |
| | $h | ПБ |
| 035 | ## | $a | RuPRLIB51010812 |